Влияние массы прекурсора на фазовый состав продукта плазмодинамического синтеза; Перспективы развития фундаментальных наук; Т. 2 : Химия
| Parent link: | Перспективы развития фундаментальных наук=Prospects of Fundamental Sciences Development: сборник научных трудов XIII Международной конференции студентов, аспирантов и молодых ученых, г. Томск, 26-29 апреля 2016 г./ Национальный исследовательский Томский политехнический университет (ТПУ) ; под ред. И. А. Курзиной, Г. А. Вороновой.— , 2016 Т. 2 : Химия.— 2016.— [С. 497-499] |
|---|---|
| Autor principal: | |
| Autor corporatiu: | |
| Altres autors: | , |
| Sumari: | Заглавие с титульного экрана In this paper, the precursor optimal amount to obtain the purest of cubic tungsten carbide WC1-x bydirect plasmodynamic synthesis were determined. The synthesized products were examined by X-raydiffractometry. According to the X-ray patterns cubic tungsten carbide powder with 92 % (wt) WC1-x was obtained using tungsten mass of 0,6 g. |
| Idioma: | rus |
| Publicat: |
2016
|
| Matèries: | |
| Accés en línia: | http://earchive.tpu.ru/handle/11683/25906 |
| Format: | MixedMaterials Electrònic Capítol de llibre |
| KOHA link: | https://koha.lib.tpu.ru/cgi-bin/koha/opac-detail.pl?biblionumber=618209 |
MARC
| LEADER | 00000naa2a2200000 4500 | ||
|---|---|---|---|
| 001 | 618209 | ||
| 005 | 20231226155118.0 | ||
| 035 | |a (RuTPU)RU\TPU\conf\16590 | ||
| 035 | |a RU\TPU\conf\16588 | ||
| 090 | |a 618209 | ||
| 100 | |a 20160526d2016 k y0rusy50 ca | ||
| 101 | 0 | |a rus | |
| 102 | |a RU | ||
| 105 | |a y z 101zy | ||
| 135 | |a drcn ---uucaa | ||
| 181 | 0 | |a i | |
| 182 | 0 | |a b | |
| 200 | 1 | |a Влияние массы прекурсора на фазовый состав продукта плазмодинамического синтеза |d Mass precursors effect on phase composition of plasma dynamic synthesis product |f К. Н. Шатрова, И. И. Шаненков |g науч. рук. А. А. Сивков | |
| 203 | |a Текст |c электронный | ||
| 300 | |a Заглавие с титульного экрана | ||
| 320 | |a [Библиогр.: с. 499 (8 назв.)] | ||
| 330 | |a In this paper, the precursor optimal amount to obtain the purest of cubic tungsten carbide WC1-x bydirect plasmodynamic synthesis were determined. The synthesized products were examined by X-raydiffractometry. According to the X-ray patterns cubic tungsten carbide powder with 92 % (wt) WC1-x was obtained using tungsten mass of 0,6 g. | ||
| 461 | 1 | |0 (RuTPU)RU\TPU\conf\16353 |t Перспективы развития фундаментальных наук |l Prospects of Fundamental Sciences Development |o сборник научных трудов XIII Международной конференции студентов, аспирантов и молодых ученых, г. Томск, 26-29 апреля 2016 г. |o в 7 т. |f Национальный исследовательский Томский политехнический университет (ТПУ) ; под ред. И. А. Курзиной, Г. А. Вороновой |d 2016 | |
| 463 | 0 | |0 (RuTPU)RU\TPU\conf\16355 |t Т. 2 : Химия |v [С. 497-499] |d 2016 | |
| 510 | 1 | |a Mass precursors effect on phase composition of plasma dynamic synthesis product |z eng | |
| 610 | 1 | |a труды учёных ТПУ | |
| 610 | 1 | |a электронный ресурс | |
| 610 | 1 | |a электрокерамические материалы | |
| 610 | 1 | |a карбид вольфрама | |
| 610 | 1 | |a платиновые катализаторы | |
| 610 | 1 | |a топливные элементы | |
| 610 | 1 | |a стехиометрия | |
| 700 | 1 | |a Шатрова |b К. Н. | |
| 701 | 1 | |a Шаненков |b И. И. |c специалист в области электроэнергетики |c доцент Томского политехнического университета, кандидат наук |f 1990- |g Иван Игоревич |3 (RuTPU)RU\TPU\pers\31744 |9 15856 | |
| 702 | 1 | |a Сивков |b А. А. |c специалист в области электроэнергетики |c профессор Томского политехнического университета, доктор технических наук |f 1951- |g Александр Анатольевич |4 727 | |
| 712 | 0 | 2 | |a Национальный исследовательский Томский политехнический университет (ТПУ) |b Энергетический институт (ЭНИН) |b Кафедра электроснабжения промышленных предприятий (ЭПП) |3 (RuTPU)RU\TPU\col\18676 |
| 801 | 2 | |a RU |b 63413507 |c 20160628 |g RCR | |
| 856 | 4 | |u http://earchive.tpu.ru/handle/11683/25906 | |
| 942 | |c BK | ||